000
00317nam a22001337a 4500
008
171030b xxu||||| |||| 00| 0 eng d
020
_a
9780256152104
041
_a
eng
080
_a
336
100
_a
56
101
_a
FIN
245
_a
FINANCIAL ANALYSIS WITH ELECTRONIC CALCULATOR
_c
MARK.A.W
942
_2
udc
_c
BK
999
_c
36353
_d
36353